<?xml version="1.0" encoding="UTF-8"?>
<marc:record xmlns:marc="http://www.loc.gov/MARC21/slim">
   <marc:leader>00000nam a2200000 a 4500</marc:leader>
   <marc:datafield ind1="1" ind2=" " tag="100">
      <marc:subfield code="a">Schössow, Peter</marc:subfield>
      <marc:subfield code="4">aut</marc:subfield>
      <marc:subfield code="e">Verfasser/-in</marc:subfield>
   </marc:datafield>
   <marc:datafield ind1="0" ind2="0" tag="245">
      <marc:subfield code="a">Ein Löffelchen für ...</marc:subfield>
   </marc:datafield>
   <marc:datafield ind1="0" ind2="0" tag="245">
      <marc:subfield code="c">Peter Schössow</marc:subfield>
   </marc:datafield>
   <marc:datafield ind1=" " ind2="1" tag="264">
      <marc:subfield code="a">Berlin</marc:subfield>
      <marc:subfield code="b">Tulipan-Verl.</marc:subfield>
      <marc:subfield code="c">2008</marc:subfield>
   </marc:datafield>
   <marc:datafield ind1=" " ind2=" " tag="250">
      <marc:subfield code="a">1. Aufl.</marc:subfield>
   </marc:datafield>
   <marc:datafield ind1="1" ind2=" " tag="520">
      <marc:subfield code="a">Angaben aus der Verlagsmeldung

Ein Löffelchen für... / von Peter Schössow

Wer kennt ihn nicht, den täglichen Kampf um den heißen Brei!
Peter Schössow hat aus dieser alltäglichen Situation ein witziges
Bilderbuch gemacht und erzählt in doppelbödigen Illustrationen
von einer Zwergenfütterung der ganz besonderen Art:
Ein Löffelchen für Püppi, Pony, Plattfisch und den bösen Wolf –
alle essen mit, nur der Froschkönig geht leider leer aus.
Für alle, die immer schon wissen wollten,warum es einfach
besser schmeckt, gemeinsam von einem Tellerchen zu essen!
</marc:subfield>
   </marc:datafield>
   <marc:datafield ind1=" " ind2=" " tag="020">
      <marc:subfield code="a">9783939944140</marc:subfield>
      <marc:subfield code="9">9783939944140</marc:subfield>
   </marc:datafield>
   <marc:datafield ind1=" " ind2=" " tag="020">
      <marc:subfield code="a">3939944149</marc:subfield>
      <marc:subfield code="9">3939944149</marc:subfield>
   </marc:datafield>
   <marc:datafield ind1=" " ind2=" " tag="300">
      <marc:subfield code="a">24] S.</marc:subfield>
   </marc:datafield>
</marc:record>
